000 00309nam a2200109Ia 4500
008 201217s9999 xx 000 0 und d
100 _aKeshkamat, V. V.
245 0 _aForeign Exchange and Exchange Control : A Handbook For Banking Students
260 _aBombay
_bVivek Publications
300 _a420
942 _cBK
999 _c7553
_d7553